Моделирование теплофизических свойств композиционного материала; Перспективы развития фундаментальных наук; Т. 1 : Физика
| Parent link: | Перспективы развития фундаментальных наук=Prospects of Fundamental Sciences Development: сборник научных трудов XIV Международной конференции студентов, аспирантов и молодых ученых, г. Томск, 25-28 апреля 2017 г./ Национальный исследовательский Томский политехнический университет (ТПУ) ; под ред. И. А. Курзиной, Г. А. Вороновой.— , 2017 Т. 1 : Физика.— 2017.— [С. 222-224] |
|---|---|
| Egile nagusia: | |
| Erakunde egilea: | |
| Beste egile batzuk: | , |
| Gaia: | Заглавие с экрана Article represents theoretical determination of effective heat conductivity of composite materials. Authors describe PC program written with Visual Basic for calculation of heat conductivity of composite materials. There is particular focus on various methods for calculation of heat conductivity of composite materials in accordance with offered models and on comparison between calculated and experimental data. |
| Hizkuntza: | errusiera |
| Argitaratua: |
2017
|
| Gaiak: | |
| Sarrera elektronikoa: | http://earchive.tpu.ru/handle/11683/41454 |
| Formatua: | Baliabide elektronikoa Liburu kapitulua |
| KOHA link: | https://koha.lib.tpu.ru/cgi-bin/koha/opac-detail.pl?biblionumber=622682 |
MARC
| LEADER | 00000naa2a2200000 4500 | ||
|---|---|---|---|
| 001 | 622682 | ||
| 005 | 20250507145701.0 | ||
| 035 | |a (RuTPU)RU\TPU\conf\21484 | ||
| 035 | |a RU\TPU\conf\21483 | ||
| 090 | |a 622682 | ||
| 100 | |a 20170703d2017 k y0rusy50 ca | ||
| 101 | 0 | |a rus | |
| 102 | |a RU | ||
| 105 | |a y z 100zy | ||
| 135 | |a drcn ---uucaa | ||
| 181 | 0 | |a i | |
| 182 | 0 | |a b | |
| 200 | 1 | |a Моделирование теплофизических свойств композиционного материала |d Modelling of thermal-physical properties of composite material |f О. Мендоса, И. Ю. Новосёлов |g науч. рук. И. В. Шаманин | |
| 203 | |a Текст |c электронный | ||
| 300 | |a Заглавие с экрана | ||
| 320 | |a [Библиогр.: с. 224 (3 назв.)] | ||
| 330 | |a Article represents theoretical determination of effective heat conductivity of composite materials. Authors describe PC program written with Visual Basic for calculation of heat conductivity of composite materials. There is particular focus on various methods for calculation of heat conductivity of composite materials in accordance with offered models and on comparison between calculated and experimental data. | ||
| 461 | 1 | |0 (RuTPU)RU\TPU\conf\21388 |t Перспективы развития фундаментальных наук |l Prospects of Fundamental Sciences Development |o сборник научных трудов XIV Международной конференции студентов, аспирантов и молодых ученых, г. Томск, 25-28 апреля 2017 г. |o в 7 т. |f Национальный исследовательский Томский политехнический университет (ТПУ) ; под ред. И. А. Курзиной, Г. А. Вороновой |d 2017 | |
| 463 | 1 | |0 (RuTPU)RU\TPU\conf\21389 |t Т. 1 : Физика |v [С. 222-224] |d 2017 | |
| 510 | 1 | |a Modelling of thermal-physical properties of composite material |z eng | |
| 610 | 1 | |a труды учёных ТПУ | |
| 610 | 1 | |a электронный ресурс | |
| 610 | 1 | |a композиционные материалы | |
| 610 | 1 | |a дисперсные частицы | |
| 610 | 1 | |a оксиды | |
| 610 | 1 | |a тугоплавкие соединения | |
| 610 | 1 | |a теплофизические свойства | |
| 700 | 1 | |a Мендоса |b О. | |
| 701 | 1 | |a Новосёлов |b И. Ю. |c специалист в области ядерных технологий |c инженер-исследователь Томского политехнического университета |f 1989- |g Иван Юрьевич |3 (RuTPU)RU\TPU\pers\32434 | |
| 702 | 1 | |a Шаманин |b И. В. |c российский физик-ядерщик, специалист в области атомной энергетики |c профессор Томского политехнического университета, доктор физико-математических наук |f 1962- |g Игорь Владимирович |4 727 | |
| 712 | 0 | 2 | |a Национальный исследовательский Томский политехнический университет |c (2009- ) |9 26305 |
| 801 | 2 | |a RU |b 63413507 |c 20170718 |g RCR | |
| 850 | |a 63413507 | ||
| 856 | 4 | |u http://earchive.tpu.ru/handle/11683/41454 | |
| 942 | |c BK | ||